000 00530nam a2200181 i 4500
001 20604
003 ES-MaACL
007 t|
008 021114s1873 ddr ||||1| eng d
100 1 _aAïde, Hamilton.
_918960
245 1 0 _aPeuruddocke /
_cby Hamilton Aïde.
260 _aLeipzig :
_bBeruhard Tauchuik,
_c1873.
300 _a2 t. en 1 v. ;
_c16 cm.
490 1 _aCollection of British authors ;
_v1341-2
830 0 _aCollection of British authors ;
_v1341-2
_9180703
852 _aES-MaACL
_jG-12220
999 _c20604
_d20604